Disability: (Record no. 190534)

MARC details
000 -LEADER
fixed length control field 00657nam a22002177a 4500
005 - DATE AND TIME OF LATEST TRANSACTION
control field 20220727125804.0
010 ## - LCCN (DPL NO)
LC control number ENG-134039
020 ## - INTERNATIONAL STANDARD BOOK NUMBER
Terms of availability 1400.00
International Standard Book Number 9788193985007
035 ## - SYSTEM CONTROL NUMBER
System control number EN-117571
037 ## - SOURCE OF ACQUISITION
Source of stock number/acquisition DBAD/PUB
082 ## - DEWEY DECIMAL CLASSIFICATION NUMBER
Classification number 342.54087
245 ## - TITLE STATEMENT
Title Disability:
Remainder of title An Overview/
Statement of responsibility, etc Ed. by Shirly G [et.al...]
260 ## - PUBLICATION, DISTRIBUTION, ETC. (IMPRINT)
Place of publication, distribution, etc Kerala
Name of publisher, distributor, etc National Institute of Speech & Hearing
Date of publication, distribution, etc 2019
270 ## - ADDRESS
Address NISH Road, Thiruvananthapuram
City Kerala
Postal code 695017
300 ## - PHYSICAL DESCRIPTION
Extent 430p.
Dimensions 24cm(pbk)
Other physical details Index
700 ## - ADDED ENTRY--PERSONAL NAME
Personal name G, Shirly
700 ## - ADDED ENTRY--PERSONAL NAME
Personal name Kunnath, Suja K
700 ## - ADDED ENTRY--PERSONAL NAME
Personal name Varghese, Anne
700 ## - ADDED ENTRY--PERSONAL NAME
Personal name George, Vinitha Mary
942 ## - ADDED ENTRY ELEMENTS (KOHA)
Source of classification or shelving scheme Dewey Decimal Classification
Item type English Books
Classification part 342.54087
Call number suffix DIS
Holdings
Withdrawn status Lost status Not for loan Collection code Home library Current library Date acquired Source of acquisition Cost, normal purchase price Full call number Barcode Copy number Cost, replacement price Koha item type
      Non-fiction Bawana Bawana 27/07/2022 DBAD/PUB 1400.00 342.54087 DIS EN-117571 1 1400.00 English Books

© Delhi Public Library
Hit Counter
free hit counter